000 01048nam a22003257a 4500
001 BR7304321
003 BR-BrBNA
005 20230928084024.0
007 ta
008 230509b bl.||||| |||| 00| 0 por d
040 _aBR-BrBNA
_bpor
_cBiblioteca Nacional de Agricultura
041 _a(Por)
072 _aH60; H50
_b0230
_b3876
090 _ 0230 BR7304321
100 1 _aAzzi, G.M.
100 1 _aFernandes, J.
100 1 _aSouza, J.A.G.C.
110 1 _aInstituto do Acucar e do Alcool, Rio de Janeiro, GB (Brasil). Div. de Assistencia a Producao
111 1 _a6. Seminario Brasileiro de Herbicidas e Ervas Daninhas
_cSete Lagoas, MG (Brazil)
_d2 Aug 1966
245 1 _aUso de triazinas na cana-de-acucar. - Metodo de julgamento do efeito-herbicida
260 3 _aRio de Janeiro, GB (Brasil):
_c1967.
300 _a40 p.
500 _aSummary (Eng); 16 ref.
650 _aErva daninha
650 _aDisturbio vegetal
650 _aCana de acucar
650 _aHerbicida
909 _a202309
_bLucia
_c55
_dLucia Elande
942 _cBK
999 _c16370
_d16370